000 00873cam a2200241 4500
008 000000n2000 000 0 eng u
020 _a1842190210
035 _a(Sirsi) u105756
050 _a630.026
_c18
110 _aRoyal Institution of Chartered Surveyors
_94900
245 _aModel grazing licence
_ba guidance note
260 _aCoventry
_bRICS
_c2000
300 _a9, 8p.
_c30cm.
350 _a10
490 _aRICS Guidance Note
520 _aIncludes an example of a model grazing licence.
520 _aThis guidance note has been withdrawn: the RICS Grazing licence is now part of the Farm Business Tenancy Agreement which is available on subscription through the ISURV Environment Channel.
650 _aFARM BUSINESS TENANCIES
650 _aGRAZING AGREEMENTS
650 _aMILK QUOTAS
690 _aRURAL-FARM BUSINESS MANAGEMENT
942 _n0
999 _c100468
_d100468